Highest Scoring Countries in Scrabble Quiz Stats

 Plays Quiz not verified by Sporcle

Support Sporcle.
Go Orange.
Score 0/28 Timer 10:00
0 Plays Today
Score of country: Country % Correct
30 ptsKazakhstan
70.2%
26 ptsZimbabwe
66.1%
25 ptsUzbekistan
64.5%
30 ptsKyrgyzstan
63.7%
34 ptsMozambique
60.3%
18 ptsTurkmenistan
59.8%
21 ptsTajikistan
57.4%
17 ptsMexico
55.6%
19 ptsZambia
55.1%
18 ptsAfghanistan
54.3%
28 ptsAzerbaijan
53.3%
21 ptsVenezuela
51.7%
17 ptsBrazil
50.7%
24 ptsSwitzerland
49.9%
Score of country: Country % Correct
22 ptsLuxembourg
48%
17 ptsTanzania
44.6%
18 ptsLiechtenstein
44.4%
16 ptsMadagascar
40.7%
22 ptsSwaziland
37.6%
18 ptsJamaica
36%
20 ptsPhilippines
35.2%
15 ptsSlovakia
33.7%
17 ptsBangladesh
32.1%
15 ptsNetherlands
32.1%
18 ptsDjibouti
29.8%
17 ptsBelize
29.2%
18 ptsSeychelles
27.9%
15 ptsCambodia
19.8%

You're not logged in!

Compare scores with friends on all Sporcle quizzes.
OR
Log In

From the Vault

Glee by Surname

by leppyfresh

Just make sure you sing all of your answers.
Remove Ads.
Support Sporcle.
Get the best of Sporcle when you Go Orange. This ad-free experience offers more features, more stats, and more fun while also helping to support Sporcle. Thank you for becoming a member.

Show Comments

Extras

Top Quizzes Today


Score Distribution

Your Account Isn't Verified!

In order to create a playlist on Sporcle, you need to verify the email address you used during registration. Go to your Sporcle Settings to finish the process.

Report this User

Report this user for behavior that violates our Community Guidelines.

Details: